| 000 | 01156nam a2200277Ia 4500 | ||
|---|---|---|---|
| 999 |
_c3338 _d3338 |
||
| 003 | OSt | ||
| 005 | 20200330125630.0 | ||
| 008 | 191128t2006 ck a ar 000 1 spa d | ||
| 020 | _a9789585749450 | ||
| 040 |
_aCO-JMCR _cCO-JMCR |
||
| 041 | 1 | _aspa | |
| 082 | 0 | 4 |
_aA / _bROHm |
| 100 |
_aRohmann, Eric, _eautor _92077 |
||
| 245 | 1 | 3 |
_aMi amigo conejo / _cEric Rohmann |
| 250 | _aEdición especial | ||
| 260 |
_aBogotá : _bEdiciones Castillo, _c©2006 |
||
| 300 |
_a[30] páginas sin numerar : _bilustraciones a color ; _c20 am. x 27 cm. |
||
| 490 | 0 | _aPrimera Infancia del Ministerio de Cultura | |
| 500 | _aGanador del Premio Caldecott al mejor libro ilustrado. Plan Nacional de Lectura y Escritura Leer es mi Cuento, 2012. | ||
| 520 | 0 | _aMi amigo conejo siempre tiene grandes ideas. Pero haga lo que haga, vaya a donde vaya, lo siguen los problemas. Claro que conejo siempre encuentra una solución. O al menos eso es lo que él cree. | |
| 521 | _a Recomendado para mayores de 2 años. | ||
| 546 | _aspa | ||
| 650 | 1 | 4 |
_aCuentos infantiles estadounidense -- _92078 |
| 650 | 1 | 4 |
_aAnimales en la literatura -- _xcuento _92080 |
| 942 |
_2ddc _cBK |
||